000 01183cam a2200325 a 4500
001 26301
003 Mx-PuUPA
005 20250705102015.0
008 140415s2000 sp fr 000 0 spa d
017 _aM-31.382-2000
020 _a8477380554
040 _cMx-PuUPA
_aMx-PuUPA
_bspa
_dMx-PuUPA
_erda
041 0 _aspa
100 1 _aGarcía Ramos, José Manuel,
_eautor
_917281
245 1 0 _aBases pedagógicas de la evaluación :
_b(guía práctica para educadores) /
_cJosé Manuel García Ramos
264 1 _aMadrid :
_bEditorial Síntesis,
_c[2000?]
300 _a176 páginas :
_bdiagramas, tablas ;
_c23 cm
336 _2rdacontent
_atexto
_btxt
337 _2rdamedia
_asin medio
_bn
338 _2rdacarrier
_avolumen
_bnc
490 0 _aAplicación en el aula ;
_v2
500 _aReimpresiones: (Primera, 1994) ; (Segunda,2000).
650 7 _2armarc
_aEscuelas
_vEvaluación
650 7 _2armarc
_aEduación
_vEvaluación
650 7 _2armarc
_aMediciones y pruebas educativas
942 _2ddc
_cLI
_h371.26
_iG22
999 _c26301
_d26301